000 01378nam a22002297a 4500
005 20180521153711.0
010 _a राष्ट्रपति-2 B-691687
020 _c325.00
_a8123003188
035 _aB-691687
037 _bनार्दन इंडिया
082 _a759.54
100 _aरविश्वकर्मा,रामकुमार
245 _aभारतीय चित्रकला में संगीत तत्व /
_cरामकुमार विश्वकर्मा
260 _aनई दिल्ली
_bप्रकाशन विभाग
_c1918
270 _bनई दिल्ली
_e110003
_aसी.जी.ओ.काम्प्लेक्स, लोदी रोड
300 _a76पृ.
_c25सेमी.(सजिल्द)
_bसचित्र
500 _aराष्ट्रपति-2
505 _aबायोग्राफी चित्रकला / संदर्भ सूचि
700 _aराय, स्नेह
942 _2ddc
_cHN
_mविश्वक
_h759.54
999 _c151892
_d151892